Normal view
MARC view
- Israel-Arab War, 1973
Entry Topical Term
001 - CONTROL NUMBER
- control field: 48836
003 - CONTROL NUMBER IDENTIFIER
- control field: NUST
005 - DATE AND TIME OF LATEST TRANSACTION
- control field: 20210314134151.0
008 - FIXED-LENGTH DATA ELEMENTS
- fixed length control field: 210314|| aca||aabn | a|a d
040 ## - CATALOGING SOURCE
- Original cataloging agency: NUST
- Transcribing agency: NUST
150 ## - HEADING--TOPICAL TERM
- Topical term or geographic name entry element: Israel-Arab War, 1973
670 ## - SOURCE DATA FOUND
- Source citation: Work cat.: (NUST): Bokhari, Imtiaz H. 48833, Management of third world crises in adverse partnership :, 1997.
